| 000 | 00698nam a2200193 a 4500 | ||
|---|---|---|---|
| 005 | 20140412111221.0 | ||
| 008 | 010328s19uu xx 00 eng d | ||
| 020 | _a0-8431-2871-2 | ||
| 050 |
_aTR(GS 371.1'03 _bB42 1991 |
||
| 100 | _aBean, Reynold, Ed. M. | ||
| 245 |
_aHow to help your children succeed in school : _ba handy resource for parents and teachers who care / _cReynold Bean, Ed. M. |
||
| 260 |
_aLos Angeles : _bPrice Stern Sloan, _c1991. |
||
| 300 | _a75p. | ||
| 440 | _aThe Whole Child Series | ||
| 650 | _aHome and school - United States | ||
| 650 |
_aEducation - United States _xParent participation |
||
| 650 | _aParent-teacher relationships - United States | ||
| 999 |
_c101917 _d101917 |
||